000 00797nam a2200253Ia 4500
001 18325
003 GE_BSU
008 181216s||||||||xx |||||||||||||| ||und||
020 _a9789941157899
040 _cGE_BSU
080 _a821.512.161-31
100 _aფამუქი,ორჰან
245 _aმე წითელი მქვია
245 _bრომანი
245 _cრედ.თ.ქიტოშვილი.მთარგმნ. ლია ჩლაიძე
260 _aთბილისი
260 _bბაკურ სულაკაურის გამ-ბა
260 _c2014
300 _a450გვ.22გვ.
541 _h8ლ.70თ
653 _aმე წითელი მქვია
653 _aრომანი
942 _cBK
999 _c51345
_d51345